| 000 | 00687cam a22002293a 4500 | ||
|---|---|---|---|
| 001 | 505 | ||
| 003 | PGUSA | ||
| 005 | 20140828082949.0 | ||
| 008 | 960401s1996||||xxu|||||s|||||000 | eng d | ||
| 040 |
_aPGUSA _beng |
||
| 042 | _adc | ||
| 050 | 4 | _aBL | |
| 100 | 1 |
_aWhite, Andrew Dickson, _d1832-1918 |
|
| 245 | 1 | 0 |
_aHistory of the Warfare of Science with Theology in Christendom _h[electronic resource] / _cAndrew Dickson White |
| 260 |
_bProject Gutenberg, _c1996 |
||
| 506 | _aPublic domain in the USA. | ||
| 516 | _aElectronic text | ||
| 653 | _aReligion and science -- History | ||
| 830 | 0 |
_aProject Gutenberg _v505 |
|
| 856 | 4 | 0 | _uhttp://www.gutenberg.org/ebooks/505 |
| 942 | _cEB | ||
| 999 |
_c229856 _d229856 |
||